| 000 | 00672nam a2200157 4500 | ||
|---|---|---|---|
| 003 | LK-CoMWRAF | ||
| 005 | 20240128214709.0 | ||
| 008 | 240128b |||||||| |||| 00| 0 eng d | ||
| 040 |
_aLK-CoMWRAF _dLK-CoMWRAF _eLK-CoMWRAF |
||
| 041 |
_asin _atam _aeng |
||
| 082 |
_a323.4 _bEKS |
||
| 245 | _aඑක්සත් ජාතීන් ගේ සංවිධානයේ ශාසන පත්රය = ஐக்கிய நாடுகள் சபையின் சாசனம் = Charter of the United Nations | ||
| 246 | _aEksath jatheenge shasana pathraya = Aikkiya nāṭukaḷ capaiyiṉ cācaṉam | ||
| 260 |
_aColombo : _bSri Lanka foundation, |
||
| 942 | _cBK | ||
| 999 |
_c4686 _d4686 |
||